000 00643nam a22002057a 4500
003 0
005 20250212120746.0
008 250212b xxu||||| |||| 00| 0 eng d
020 _a978-93-93884-27-5
050 _aRT 82
_b.H96 2022
100 _aDr. P. Hyma
245 _aNursing in today's world
_btrends, issue, and management.
_cDr. P. Hyma,editor.
260 _aNew Delhi
_bRandom Publications LLP
_c2022
300 _a334 pages ;
_c24cm.
504 _aIncludes bibliographical references and index.
650 _a Nursing.
650 _a Nursing—Social aspects.
650 _aNursing—Vocational guidance.
942 _2lcc
_cBK
999 _c367188
_d367188